000 00313nam a22001337a 4500
008 171023b xxu||||| |||| 00| 0 eng d
020 _a2900130782976
041 _aeng
080 _a338
100 _a54
101 _aMO
245 _aFOUNDATIONS OF OPERATIONS MANAGEMENT
_cRITZMAN,L.P
942 _2udc
_cBK
999 _c35475
_d35475